The Press in India: (Record no. 63597)

MARC details
000 -LEADER
fixed length control field 00574nam a22001457a 4500
005 - DATE AND TIME OF LATEST TRANSACTION
control field 2012021600430.0
020 ## - INTERNATIONAL STANDARD BOOK NUMBER
International Standard Book Number 8123744382
Terms of availability 85.00
035 ## - SYSTEM CONTROL NUMBER
System control number B-165899
037 ## - SOURCE OF ACQUISITION
Stock number DPL
Source of stock number/acquisition ENG
100 ## - MAIN ENTRY--PERSONAL NAME
Personal name Bhargava,G.S.
245 ## - TITLE STATEMENT
Title The Press in India:
Statement of responsibility, etc by G.S.Bhargava
Remainder of title An Overview/
260 ## - PUBLICATION, DISTRIBUTION, ETC. (IMPRINT)
Place of publication, distribution, etc New Delhi
Name of publisher, distributor, etc National Book Trust
Date of publication, distribution, etc 2005
300 ## - PHYSICAL DESCRIPTION
Extent xviii,217p.
Dimensions 23 cms.
942 ## - ADDED ENTRY ELEMENTS (KOHA)
Source of classification or shelving scheme Dewey Decimal Classification
Item type English Books
Classification part 079.54
Call number suffix BHA

No items available.


© Delhi Public Library
Hit Counter
free hit counter